Normal view
MARC view
Entry Personal Name
001 - CONTROL NUMBER
- control field: 41515
003 - CONTROL NUMBER IDENTIFIER
- control field: dpl
005 - DATE AND TIME OF LATEST TRANSACTION
- control field: 20120210131435.0
008 - FIXED-LENGTH DATA ELEMENTS
- fixed length control field: 120210|||a|||||| | ||| d
040 ## - CATALOGING SOURCE
- Original cataloging agency: dpl
- Transcribing agency: dpl
100 ## - HEADING--PERSONAL NAME
- Personal name: Mulcare, Mike
670 ## - SOURCE DATA FOUND
- Source citation: Work cat.: (dpl): Reimer, Stan 41514, Active directory services for Microsoft Windows server 2003 : , 2003
670 ## - SOURCE DATA FOUND
- Source citation: Work cat.: (dpl): Reimer, Stan 41514, Active directory services for Microsoft Windows server 2003 : , 2003
